000 00893nas a2200265 4500
001 BR0904576
003 BR-BrBNA
005 20231205113520.0
007 ta
008 230509b bl.|||p| |||| 00| 00por d
040 _aBR-BrBNA
_bpor
_cBiblioteca Nacional de Agricultura
041 _a(Pt)
072 _aN20; N01
100 1 _aTácio, M.B.
100 1 _aOliveira, M.L. de
100 1 _aMachado Neto, J.G.
245 1 _aEficiência de vestimentas hidrorrepelentes novas na proteção do tratorista em pulverizações de agrotóxicos em goiaba com o turbopulverizador
650 _aGOIABA
650 _aAGROTÓXICO
650 _aEQUIPAMENTO AGRÍCOLA
650 _aPREVENÇÃO DE ACIDENTE
773 0 _tRevista Brasileira de Fruticultura (Brazil)
_xISSN 0100 2945
_g(Mar 2008), v. 30(1) p. 106-111
_wBR0904576
909 _a202311
_bLúcia
_c55
_dLúcia Elande
942 _2AGRIS
_n0
_cANA
999 _c204193
_d204193